Music Quiz

Random Music or Definition Quiz

Band Name by Definition Quiz Stats

Quiz Updated Dec 7, 2012

Also try: Bands by Antonym
Challenge
Share
Tweet
Embed
Score 0/14 Timer 04:00
0 Plays Today
Definition Band % Correct
'A female sovereign or monarch. 'Queen
97.6%
'An organized civil force for maintaining order, preventing and detecting crime, and enforcing the laws.'The Police
91.4%
'A hollow, pumplike organ of blood circulation often associated with love'Heart
90.8%
'A small fertile or green area in a desert region, usually having a spring or well'Oasis
85.1%
'What person or persons?'The Who
84.4%
'A seaport in and the capital of Massachusetts, in the Eastern part'Boston
81.3%
'A state in the central United States: a part of the Midwest.'Kansas
74.9%
Definition Band % Correct
'An implement, especially one held in the hand, as a hammer, saw, or file, for performing or facilitating mechanical operations.'Tool
73.6%
'A traveling from one place to another, usually taking a rather long time; trip'Journey
70.4%
'A low plant with many branches that arise from or near the ground.'Bush
64.7%
'A mythical bird of great beauty fabled to live 500 or 600 years in the Arabian wilderness'Phoenix
64.6%
'Discarded animal and vegetable matter, as from a kitchen; refuse.'Garbage
61.5%
'A substance with an inherent property that tends to destroy life or impair health.'Poison
54.4%
'Freedom from the endless cycle of personal reincarnations, with their consequent suffering, as a result of the extinction of individual passion, hatred, and delusion' Nirvana
50%

You're not logged in!

Compare scores with friends on all Sporcle quizzes.
Sign Up with Email
OR
Log In

You Might Also Like...

Show Comments

Extras

Top Quizzes Today


Score Distribution

Your Account Isn't Verified!

In order to create a playlist on Sporcle, you need to verify the email address you used during registration. Go to your Sporcle Settings to finish the process.